000 00524nam a2200253Ia 4500
001 066034
003 YMCAF
005 20230512160341.0
008 100717s1975 ||||||||||||||||| ||und|d
020 _a-
024 _a66034
035 _a5497
040 _aYMCAF
_beng
_cIN-KoLT
041 _aeng
082 _a621.388
_bGRO
100 _aGrob, Bernard
245 0 _aBasic Television Pranciples & Serving
250 _a-
260 _b-
_c1975
300 _a732
653 _a-
653 _a-
942 _2ddc
_cBK
999 _c3896
_d3896